| 000 | 00385nam a2200145Ia 4500 | ||
|---|---|---|---|
| 008 | 230917s9999||||xx |||||||||||||| ||und|| | ||
| 040 |
_e74153 _aMAIN |
||
| 041 | _aEnglish | ||
| 082 | _a005.1 J663S | ||
| 100 | _aJohri, Amit | ||
| 245 | 0 | _aStructured systems analysis and software engineering | |
| 260 |
_aMumbai _bHimalaya Publishing House _c2002 |
||
| 300 | _a349 p. | ||
| 942 | _cBK | ||
| 999 |
_c113571 _d113571 |
||